000 00618nam a2200217Ia 4500
003 GCL
008 140319s9999 xx 000 0 ara d
020 _a3183500977
040 _aGCL /
_cGCL
082 0 4 _a701.18
_bم غ
100 1 _aمحسن محمد عطية
245 1 0 _aغاية الفن: دراسة فلسفية ونقدية /
_cمحسن محمد عطية
250 _aالثانية
260 _aالقاهرة :
_bدار المعارف ،
_c1996
300 _a283 ؛
_c23سم
490 _a
650 0 4 _aالفلسفة
650 0 4 _aالفن
650 0 4 _aتاريخ ونقد
942 _2ddc
_cBK
999 _c58593
_d58593